00306nam a2200121Ia 4500008004100000100001800041245001700059260005300076300000800129650002300137942000700160999001700167190216s9999||||xx |||||||||||||| ||und|| aKarandikar Ma 0aSaint Namdev b"Maharashtra Information Centre,Newdelhi"c1985 a29p aEnglish Literature cBK c13392d13392